Sales management simulation ; administrator's manual.

Bibliographic Details
Main Author: Day, Ralph L.
Format: Book
Language:English
Published: New York : Sales and Marketing Executives-International, [1968]
Subjects:

MARC

Tag First Indicator Second Indicator Subfields
LEADER 00000cam a2200000 4500
001 in00000213960
005 20151009060550.0
008 790911s1968 nyu h 00000 eng d
035 |a (OCoLC)05360278 
035 |9 AAX3928AM 
040 |a TXA  |c TXA  |d UtOrBLW 
049 |a TXAM  |c [1332524] 
090 |a HF5438  |b .D39 
100 1 |a Day, Ralph L. 
245 1 0 |a Sales management simulation ;  |b administrator's manual. 
264 1 |a New York :  |b Sales and Marketing Executives-International,  |c [1968] 
264 4 |c [©1968] 
300 |a vii, 20 pages, 26 unnumbered pages . 
336 |a text  |b txt  |2 rdacontent 
337 |a unmediated  |b n  |2 rdamedia 
338 |a volume  |b nc  |2 rdacarrier 
500 |a Includes instructor's tables and forms, computation sheets. 
650 0 |a Sales management. 
650 0 |a Management games  |x Handbooks, manuals, etc. 
999 |a MARS 
999 f f |s dcd3cb58-556e-33a1-9229-518f199589e7  |i 2cada17e-3b8d-3e86-b954-7c7c3e3453fb  |t 0 
952 f f |p ric  |a Texas A&M University  |b Rellis Campus  |c Joint Library Facility  |d Remote Storage  |t 0  |e HF5438 .D39  |h Library of Congress classification  |i unmediated -- volume  |m A14802799547 
998 f f |a HF5438 .D39  |t 0  |l Remote Storage